• 首页
  • 本馆介绍
  • 公告通知
  • 最新文献
  • 馆藏检索
  • 电子资源
  • 读者导购
  • 参考咨询
  • 我的图书馆
  • 登录
  • 详细信息显示
  • 放入我的书架
  • 预约/预借图书
  • 作者相关作品
  • 分类相关作品
  • 丛书相关作品
  • 出版社相关作品

书目信息

  • 表格格式
  • 工作单格式
  • 卡片格式
题名:
犯罪和司法心理学
    
 
作者: ;上海市自然辩证法研究会 编
分册:  
出版信息: 上海    1981
页数: 316页
开本: 19cm
丛书名:
单 册:
中图分类: B849:D917
科图分类:
主题词: 应用心理学
电子资源:
ISBN:
000 00648nam0 2200217 45
001 0181024837
005 20060911174043.87
010    @dCNY1.20
100    @a20810111d1981 km y0chiy0120 ea
101 0  @achi
102    @aCN@b310000
200 1  @a犯罪和司法心理学@AFan Zui He Si Fa Xin Li Xue@e译文集@EYi Wen Ji@f上海市自然辩证法研究会等编@FShang Hai Shi Zi Ran Bian Zheng Fa Yan Jiu Hui Deng Bian
210    @a上海@d1981
215    @a316页@d19cm
300    @a内部资料
517    @a译文集@AYi Wen Ji
606 0  @a应用心理学
690    @aB849:D917@v3
711 02 @a上海市自然辩证法研究会@4编
801    @aCN@bTSTC@c20060911
905    @dB849:D917@e25
    
    犯罪和司法心理学:译文集/上海市自然辩证法研究会等编.-上海,1981
    316页;19cm
    内部资料
    
    ISBN :CNY1.20
    
●
相关链接 在E读中查询图书 在五车中查询图书 在当当中查询图书 在豆瓣中查询图书


正题名:犯罪和司法心理学     索取号:B849:D917/25         预约/预借

序号 登录号 条形码 馆藏地/架位号 状态 备注
1 0230671   001737008   密集书库/ [索取号:B849:D917/25] 在馆    
2 0230672   001736919   密集书库/ [索取号:B849:D917/25] 在馆    
3 0230673   001736875   密集书库/ [索取号:B849:D917/25] 在馆    
4 0421431   204214313   密集书库/ [索取号:B849:D917/25] 在馆    
5 0475254   204752543   密集书库/ [索取号:B849:D917/25] 在馆    
唐山师范学院图书馆 欢迎您!
大连网信软件有限公司© 版权所有